[Event "20. Torneo San Viator 2013"]
[Site "Madrid ESP"]
[Date "2013.06.02"]
[Round "8.24"]
[White "Enriquez Pastor, Jorge"]
[Black "Cazorla Munoz, Francisco"]
[Result "1/2-1/2"]
[WhiteElo "1398"]
[BlackElo "1735"]
[PlyCount "139"]
[EventDate "2013.04.07"]
[EventType "swiss"]
[EventRounds "9"]
[EventCountry "ESP"]
[Source "lmi"]
[SourceDate "2013.04.07"]

1. Nf3 Nf6 2. d4 e6 3. Bg5 Be7 4. c4 c5 5. dxc5 Qa5+ 6. Qd2 Qxc5 7. Qd4 Qa5+ 8.
Bd2 Qc7 9. Bf4 d6 10. Bg5 e5 11. Qh4 h6 12. Bxf6 Bxf6 13. Qe4 Be6 14. e3 d5 15.
cxd5 Qc1+ 16. Ke2 Qxb2+ 17. Nbd2 Qb5+ 18. Ke1 Qxd5 19. Qxd5 Bxd5 20. Nc4 Bxc4
21. Bxc4 e4 22. Nd4 Nc6 23. Rd1 O-O 24. Nxc6 bxc6 25. Ke2 Rab8 26. Rb1 Rb6 27.
Rb2 Rfb8 28. Rd1 R8b7 29. Rxb6 axb6 30. Rd6 b5 31. Bb3 c5 32. Bd5 Ra7 33. Bxe4
Rxa2+ 34. Rd2 Rxd2+ 35. Kxd2 c4 36. Bd5 Kf8 37. f4 g5 38. g3 Ke7 39. e4 Bd4 40.
e5 f6 41. exf6+ Kxf6 42. fxg5+ hxg5 43. h4 g4 44. Bc6 b4 45. Bd7 Bf2 46. Bxg4
Bxg3 47. Be2 c3+ 48. Kc2 Bxh4 49. Bd3 Ke5 50. Kb3 Be7 51. Bc2 Kd4 52. Bb1 Ke3
53. Kc2 Kd4 54. Kb3 Kc5 55. Bc2 Bg5 56. Bb1 Bc1 57. Bc2 Ba3 58. Bb1 Kd4 59. Bc2
Ke3 60. Bb1 Kd2 61. Bc2 Kc1 62. Bd3 Kd2 63. Bc2 Bb2 64. Bb1 Kc1 65. Bc2 Ba3 66.
Bd3 Kd2 67. Bc2 Bb2 68. Bb1 c2 69. Bxc2 Bc3 70. Bb1 1/2-1/2

[Event "20. Torneo San Viator 2013"]
[Site "Madrid ESP"]
[Date "2013.06.02"]
[Round "8.25"]
[White "Perez Perez, Elena"]
[Black "Andres Rodriguez, Florencio"]
[Result "0-1"]
[WhiteElo "1698"]
[BlackElo "1575"]
[PlyCount "144"]
[EventDate "2013.04.07"]
[EventType "swiss"]
[EventRounds "9"]
[EventCountry "ESP"]
[Source "lmi"]
[SourceDate "2013.04.07"]

1. e4 c5 2. Nf3 d6 3. d4 cxd4 4. Nxd4 Nf6 5. Nc3 a6 6. Be2 e5 7. Nb3 Nc6 8. Be3
Be7 9. O-O O-O 10. Kh1 b5 11. a3 Bb7 12. f4 Qc7 13. f5 Rfd8 14. Bf3 Rac8 15.
Rc1 Nb8 16. Qd2 Nbd7 17. Qf2 Nc5 18. Nxc5 dxc5 19. Rg1 b4 20. axb4 cxb4 21. Nd5
Nxd5 22. exd5 Bxd5 23. Bb6 Bc5 24. Bxc7 Bxf2 25. Bxd8 Bxg1 26. Bxd5 Rxd8 27.
Rd1 Bb6 28. Rd3 Kf8 29. g3 a5 30. Kg2 Bd4 31. Bb3 Ke7 32. c3 bxc3 33. bxc3 Bb6
34. Rxd8 Bxd8 35. Kf3 f6 36. Ke4 Kd6 37. h4 Bb6 38. g4 h6 39. h5 Bf2 40. Ba4
Kc5 41. Bb3 Be1 42. Kd3 e4+ 43. Kxe4 Bxc3 44. Ba2 a4 45. Be6 a3 46. Ba2 Be5 47.
Bd5 Kb4 48. Ba2 Kc3 49. Kd5 Kb2 50. Bc4 a2 51. Bxa2 Kxa2 52. Ke6 Bf4 53. Kf7
Bg5 54. Kxg7 Kb3 55. Kf7 Kc4 56. Ke6 Kd4 57. Kd6 Ke4 58. Ke6 Kf4 59. Kd5 Kxg4
60. Ke4 Kxh5 61. Kf3 Kh4 62. Kf2 Kg4 63. Kg2 h5 64. Kh2 h4 65. Kg2 h3+ 66. Kh2
Bf4+ 67. Kg1 Kxf5 68. Kh1 Kg4 69. Kg1 f5 70. Kh1 Be3 71. Kh2 f4 72. Kh1 f3 0-1

[Event "20. Torneo San Viator 2013"]
[Site "Madrid ESP"]
[Date "2013.06.02"]
[Round "8.27"]
[White "Sanz Miranda, Fernando"]
[Black "Arias Martinez, Ivan"]
[Result "1-0"]
[WhiteElo "1677"]
[BlackElo "1766"]
[PlyCount "107"]
[EventDate "2013.04.07"]
[EventType "swiss"]
[EventRounds "9"]
[EventCountry "ESP"]
[Source "lmi"]
[SourceDate "2013.04.07"]

1. c4 Nf6 2. Nc3 g6 3. d4 Bg7 4. e4 d6 5. Nf3 O-O 6. Bd3 e5 7. dxe5 dxe5 8.
Nxe5 Nxe4 9. Bxe4 Qxd1+ 10. Nxd1 Bxe5 11. O-O Nd7 12. Re1 Bg7 13. Rb1 Nc5 14.
Bc2 Be6 15. b3 Rad8 16. Ne3 Nd3 17. Bxd3 Rxd3 18. Ba3 Rfd8 19. Rbd1 Rxd1 20.
Rxd1 Rxd1+ 21. Nxd1 Bf5 22. Bb2 Bf8 23. Ne3 Be6 24. Kf1 c6 25. Ke2 f5 26. f4 a6
27. Kd3 b5 28. cxb5 axb5 29. Be5 Bc5 30. g3 Kf7 31. Bd4 Bd6 32. Kc3 c5 33. Bh8
b4+ 34. Kd3 h6 35. Nc4 Bxc4+ 36. Kxc4 g5 37. fxg5 hxg5 38. Kd5 Bf8 39. Be5 Kg6
40. Ke6 g4 41. Bd6 Bxd6 42. Kxd6 Kg5 43. Kxc5 f4 44. gxf4+ Kxf4 45. Kxb4 Kf3
46. Kc3 Kg2 47. b4 Kxh2 48. b5 g3 49. b6 g2 50. b7 g1=Q 51. b8=Q+ Kh3 52. Qh8+
Kg2 53. Qg7+ Kf2 54. Qxg1+ 1-0

[Event "20. Torneo San Viator 2013"]
[Site "Madrid ESP"]
[Date "2013.06.02"]
[Round "8.30"]
[White "Rottenwoerer, Christoph"]
[Black "Jimenez Perez, Federico"]
[Result "1-0"]
[WhiteElo "1615"]
[BlackElo "1323"]
[PlyCount "135"]
[EventDate "2013.04.07"]
[EventType "swiss"]
[EventRounds "9"]
[EventCountry "ESP"]
[Source "lmi"]
[SourceDate "2013.04.07"]

1. Nf3 d6 2. g3 Nf6 3. Bg2 Nbd7 4. O-O e5 5. c4 Be7 6. Nc3 c6 7. e4 O-O 8. d3
Nc5 9. h3 a6 10. Be3 b5 11. b4 Ne6 12. c5 dxc5 13. Nxe5 Bb7 14. bxc5 Nxc5 15.
d4 Na4 16. Nxa4 bxa4 17. Qxa4 Rc8 18. Rfc1 Qd6 19. Nc4 Qb4 20. Qxb4 Bxb4 21.
Rab1 c5 22. dxc5 Bxc5 23. Bxc5 Rxc5 24. Rxb7 Rfc8 25. Rb4 Nd7 26. Rd1 Ne5 27.
Nxe5 Rxe5 28. Rbd4 g6 29. Rd8+ Rxd8 30. Rxd8+ Kg7 31. Rd5 Rxd5 32. exd5 Kf6 33.
Kf1 Ke5 34. Ke2 f5 35. Kd3 h5 36. Kc4 Kd6 37. Kb4 g5 38. Ka5 g4 39. hxg4 hxg4
40. Kxa6 Ke5 41. a4 Kd6 42. Kb6 f4 43. gxf4 g3 44. fxg3 Ke7 45. Kc7 Kf6 46. g4
Ke7 47. a5 Ke8 48. a6 Kf7 49. a7 Kg6 50. a8=Q Kg7 51. d6 Kf6 52. d7 Ke6 53.
d8=Q Kf7 54. f5 Kg7 55. f6+ Kg6 56. Bd5 Kg5 57. Be6 Kf4 58. f7 Ke5 59. Qdd5+
Kf4 60. g5 Ke3 61. g6 Kf4 62. g7 Ke3 63. g8=Q Kf4 64. f8=Q+ Ke3 65. Qa7+ Ke2
66. Qe4+ Kd2 67. Qad4+ Kc1 68. Qfc5# 1-0

[Event "20. Torneo San Viator 2013"]
[Site "Madrid ESP"]
[Date "2013.06.02"]
[Round "8.34"]
[White "Di Pietro Moreno, Fatima"]
[Black "Garcia Rojas, Juan Carlos"]
[Result "1/2-1/2"]
[WhiteElo "1287"]
[BlackElo "1548"]
[PlyCount "53"]
[EventDate "2013.04.07"]
[EventType "swiss"]
[EventRounds "9"]
[EventCountry "ESP"]
[Source "lmi"]
[SourceDate "2013.04.07"]

1. e4 e5 2. Nf3 Nc6 3. Bc4 Be7 4. d4 exd4 5. Nxd4 Ne5 6. Bb3 d6 7. f4 Nc6 8.
O-O Bd7 9. Re1 Qc8 10. c3 Nf6 11. Nf3 O-O 12. f5 h6 13. Nbd2 Ne5 14. Nf1 Bc6
15. Ng3 Nfd7 16. Bf4 Bf6 17. Nh5 Nxf3+ 18. Qxf3 Qd8 19. Qg3 Bg5 20. h4 Nf6 21.
Nxf6+ Bxf6 22. Bxh6 Be5 23. Bf4 Bxf4 24. Qxf4 Qf6 25. Re3 Rae8 26. Rae1 Re5 27.
h5 1/2-1/2

[Event "20. Torneo San Viator 2013"]
[Site "Madrid ESP"]
[Date "2013.06.02"]
[Round "8.37"]
[White "Villarroya Samaniego, Javier"]
[Black "Moreno Sanchez, Guillermo"]
[Result "0-1"]
[WhiteElo "1267"]
[BlackElo "1664"]
[PlyCount "92"]
[EventDate "2013.04.07"]
[EventType "swiss"]
[EventRounds "9"]
[EventCountry "ESP"]
[Source "lmi"]
[SourceDate "2013.04.07"]

1. d4 d5 2. e3 Nf6 3. Bd3 e6 4. f4 c6 5. Nf3 Nbd7 6. O-O Bb4 7. a3 Ba5 8. b4
Bb6 9. Nbd2 a5 10. Bb2 O-O 11. Ne5 Qe7 12. c3 Bc7 13. Qf3 Nb6 14. g4 g6 15. g5
Ne8 16. Ng4 Na4 17. Rab1 axb4 18. axb4 Nxb2 19. Rxb2 Ra3 20. Nb1 Ra1 21. h4 b6
22. Rh2 Ba6 23. Bxa6 Rxa6 24. h5 Ra7 25. hxg6 fxg6 26. Qh1 Bb8 27. Nh6+ Kh8 28.
Rf3 Nd6 29. Ng4 Ne4 30. Ne5 Bxe5 31. dxe5 Rf7 32. Rh6 Ra1 33. Kg2 Nd2 34. Rf2
Rxb1 35. Qh2 Ne4 36. Rc2 Qd7 37. Rxg6 Rg7 38. Rh6 Qf7 39. Kf3 Nxg5+ 40. Ke2 Ne4
41. Kd3 Rd1+ 42. Ke2 Rdg1 43. Kd3 Qf5 44. Ra2 Nc5+ 45. Ke2 R1g2+ 46. Kf3 Qe4#
0-1

[Event "20. Torneo San Viator 2013"]
[Site "Madrid ESP"]
[Date "2013.06.02"]
[Round "8.38"]
[White "Hernandez Herrera, Rodolfo"]
[Black "Castro Uceda, Jose Antonio"]
[Result "0-1"]
[WhiteElo "1504"]
[BlackElo "1642"]
[PlyCount "58"]
[EventDate "2013.04.07"]
[EventType "swiss"]
[EventRounds "9"]
[EventCountry "ESP"]
[Source "lmi"]
[SourceDate "2013.04.07"]

1. e4 c5 2. Nf3 d6 3. d4 cxd4 4. Nxd4 Nf6 5. Nc3 a6 6. Bd3 e5 7. Nde2 Be6 8.
Bg5 Be7 9. Bxf6 Bxf6 10. O-O Nc6 11. Nd5 O-O 12. f4 exf4 13. Nexf4 Bxb2 14. Rb1
Bd4+ 15. Kh1 b5 16. c3 Be5 17. Nxe6 fxe6 18. Rxf8+ Qxf8 19. Nc7 Rc8 20. Nxe6
Qf6 21. Qg4 Re8 22. Rf1 Qxe6 23. Qxe6+ Rxe6 24. c4 Nb4 25. cxb5 Nxd3 26. bxa6
Bd4 27. Rf3 Nf2+ 28. Kg1 Nxe4+ 29. Kf1 Nd2# 0-1

[Event "20. Torneo San Viator 2013"]
[Site "Madrid ESP"]
[Date "2013.06.02"]
[Round "8.40"]
[White "Roman Garcia, Jose Luis"]
[Black "Lopez Benitez, David"]
[Result "1/2-1/2"]
[WhiteElo "1490"]
[BlackElo "1746"]
[PlyCount "114"]
[EventDate "2013.04.07"]
[EventType "swiss"]
[EventRounds "9"]
[EventCountry "ESP"]
[Source "lmi"]
[SourceDate "2013.04.07"]

1. e4 d6 2. d4 Nf6 3. Nc3 g6 4. Be3 Bg7 5. Qd2 O-O 6. f3 h5 7. Bh6 Nbd7 8. h3
Kh7 9. Bxg7 Kxg7 10. g4 Rh8 11. g5 Ng8 12. f4 e6 13. h4 Ne7 14. O-O-O Rf8 15.
Nf3 Nb6 16. Bd3 d5 17. Qe2 Qd6 18. Qe3 c6 19. Rhf1 dxe4 20. Qxe4 Nbd5 21. Nxd5
Nxd5 22. Ne5 Ne7 23. c3 Qd5 24. Kb1 Nf5 25. Qxd5 exd5 26. Rh1 Be6 27. b4 a6 28.
Rde1 Rad8 29. a3 Rfe8 30. Kb2 Re7 31. Bxf5 Bxf5 32. Rhg1 Re6 33. Rg3 f6 34.
gxf6+ Rxf6 35. Reg1 Rdd6 36. Rg5 Kh7 37. a4 b5 38. Ka3 Be4 39. Rf1 Rd8 40. Rgg1
Kg7 41. Kb3 Re8 42. Nd7 Rf7 43. Nc5 Kf6 44. Rg5 Bf5 45. Nxa6 bxa4+ 46. Ka3 Bd3
47. Rfg1 Bxa6 48. Rxg6+ Ke7 49. Rxc6 Bc4 50. Rg5 Rxf4 51. Rxh5 Kd7 52. Rhh6 Rf2
53. b5 Ra2+ 54. Kb4 Rb2+ 55. Ka3 Rxb5 56. Rhd6+ Ke7 57. Re6+ Kd7 1/2-1/2

[Event "20. Torneo San Viator 2013"]
[Site "Madrid ESP"]
[Date "2013.06.02"]
[Round "8.43"]
[White "Guillo Sanchez-Galiano, Ernest"]
[Black "Garcia Lopez, Fernando"]
[Result "0-1"]
[WhiteElo "1330"]
[BlackElo "1653"]
[PlyCount "70"]
[EventDate "2013.04.07"]
[EventType "swiss"]
[EventRounds "9"]
[EventCountry "ESP"]
[Source "lmi"]
[SourceDate "2013.04.07"]

1. d4 Nf6 2. Nf3 e6 3. Bf4 Bb4+ 4. c3 Be7 5. e3 O-O 6. Bd3 d5 7. Ne5 c5 8. Qf3
c4 9. Bc2 Nbd7 10. h4 Nxe5 11. dxe5 Nd7 12. Qg3 f5 13. Bh6 Rf7 14. Bf4 b5 15.
h5 a5 16. h6 g6 17. Qf3 Bb7 18. Nd2 Nc5 19. Qh3 b4 20. Nf3 bxc3 21. bxc3 Ne4
22. Bxe4 dxe4 23. Nd4 Bd5 24. Rb1 Qd7 25. g4 g5 26. Bg3 f4 27. exf4 gxf4 28.
Bh4 e3 29. Rf1 Be4 30. Rd1 Qb7 31. Qh2 Qb2 32. Ne2 f3 33. fxe3 fxe2 34. Qxe2
Bxh4+ 35. Rf2 Bxf2+ 0-1

[Event "20. Torneo San Viator 2013"]
[Site "Madrid ESP"]
[Date "2013.06.09"]
[Round "9.1"]
[White "Solaesa Navalpotro, Luis Julio"]
[Black "Renteria, Jorge"]
[Result "1-0"]
[WhiteElo "2249"]
[BlackElo "2300"]
[PlyCount "111"]
[EventDate "2013.04.07"]
[EventType "swiss"]
[EventRounds "9"]
[EventCountry "ESP"]
[Source "lmi"]
[SourceDate "2013.04.07"]

1. d4 Nf6 2. c4 c5 3. d5 b5 4. Nd2 b4 5. e4 d6 6. Ngf3 g6 7. Bd3 Bg7 8. a3 a5
9. O-O O-O 10. Re1 e5 11. axb4 cxb4 12. c5 Ne8 13. c6 f5 14. Nc4 f4 15. Bd2 Ba6
16. Rxa5 Bxc4 17. Rxa8 Bxd3 18. Bxb4 Ba6 19. Qa4 Nc7 20. Ba5 Nxa8 21. Bxd8 Rxd8
22. Qa5 Rc8 23. Ra1 Nc7 24. Qb6 Bf6 25. Qb4 Rd8 26. Ra5 Be2 27. Ra7 Nba6 28.
Qd2 Bb5 29. Ne1 Rb8 30. b4 Bd8 31. h3 Rc8 32. Nc2 Ra8 33. Rxa8 Nxa8 34. Na3
N8c7 35. Nxb5 Nxb5 36. Qe2 Nac7 37. Qg4 Be7 38. Qd7 Bf6 39. Kf1 h5 40. Ke2 Bh4
41. Kf1 Bf6 42. g3 fxg3 43. fxg3 Bg5 44. Ke2 Bc1 45. h4 Ba3 46. Kf3 Bxb4 47. g4
Be1 48. gxh5 gxh5 49. Qd8+ Kf7 50. Qg5 Nd4+ 51. Kg2 Ba5 52. Qxh5+ Kf8 53. Qh6+
Ke7 54. Qg7+ Ke8 55. Qd7+ Kf8 56. Qxd6+ 1-0

[Event "20. Torneo San Viator 2013"]
[Site "Madrid ESP"]
[Date "2013.06.09"]
[Round "9.2"]
[White "Garcia-Ruiz Fuentes, Angel M"]
[Black "Cabanas Bravo, Juan Andres"]
[Result "1-0"]
[WhiteElo "1952"]
[BlackElo "2103"]
[PlyCount "127"]
[EventDate "2013.04.07"]
[EventType "swiss"]
[EventRounds "9"]
[EventCountry "ESP"]
[Source "lmi"]
[SourceDate "2013.04.07"]

1. e4 e5 2. Nf3 Nc6 3. Bb5 a6 4. Ba4 Nf6 5. Qe2 b5 6. Bb3 Bc5 7. d3 d6 8. c3 h6
9. Be3 Ba7 10. Nbd2 O-O 11. Nf1 Ne7 12. Ng3 c5 13. h3 Qc7 14. Nh4 d5 15. Qf3 c4
16. Bxa7 Rxa7 17. Bc2 d4 18. cxd4 exd4 19. O-O Qe5 20. Qd1 Qf4 21. Nf3 Nc6 22.
Ne2 Qc7 23. Nexd4 cxd3 24. Nxc6 Qxc6 25. Qxd3 Rd7 26. Qe2 Bb7 27. Ne5 Qe6 28.
Nxd7 Nxd7 29. Rfe1 Re8 30. Bb3 Qg6 31. Qg4 Qxg4 32. hxg4 Rxe4 33. Rxe4 Bxe4 34.
Rd1 Nc5 35. Rd8+ Kh7 36. Bxf7 Na4 37. b3 Nc3 38. Bg8+ Kg6 39. Rd6+ Kg5 40. Rxa6
Bd3 41. f3 Kf4 42. Kh2 Ke3 43. Ra7 Kf2 44. Rd7 Bb1 45. b4 g5 46. Bb3 Ne2 47.
Rd2 Ke3 48. Rxe2+ Kxe2 49. a4 bxa4 50. Bxa4 Kd3 51. Bc6 Kc4 52. b5 Kc5 53. Kg3
Bc2 54. Kf2 Ba4 55. Be8 Bb3 56. Bc6 Ba4 57. Ke3 Bd1 58. Ke4 Be2 59. Kf5 Bd3+
60. Kf6 Bf1 61. Kg7 Bxg2 62. Kxh6 Kd6 63. Kxg5 Bf1 64. Kf6 1-0

[Event "20. Torneo San Viator 2013"]
[Site "Madrid ESP"]
[Date "2013.06.09"]
[Round "9.4"]
[White "Barahona Torrijos, Angel"]
[Black "Sotoca Aguado, Jose"]
[Result "0-1"]
[WhiteElo "1885"]
[BlackElo "1976"]
[PlyCount "42"]
[EventDate "2013.04.07"]
[EventType "swiss"]
[EventRounds "9"]
[EventCountry "ESP"]
[Source "lmi"]
[SourceDate "2013.04.07"]

1. e4 c5 2. a3 Nc6 3. b4 cxb4 4. axb4 Nxb4 5. Ra4 e5 6. Nf3 Nf6 7. c3 Nc6 8.
Bb5 Be7 9. d4 exd4 10. cxd4 d5 11. exd5 Nxd5 12. Ne5 O-O 13. Nxc6 bxc6 14. Bxc6
Rb8 15. Bd2 Bf5 16. Ra1 Nb4 17. Bxb4 Bxb4+ 18. Kf1 Qd6 19. d5 Qe5 20. Rxa7 Qb2
21. d6 Bc5 0-1

[Event "20. Torneo San Viator 2013"]
[Site "Madrid ESP"]
[Date "2013.06.09"]
[Round "9.5"]
[White "Julian Serra, Rogelio"]
[Black "Sierra Bermejo, Gregorio"]
[Result "1-0"]
[WhiteElo "2014"]
[BlackElo "1654"]
[PlyCount "95"]
[EventDate "2013.04.07"]
[EventType "swiss"]
[EventRounds "9"]
[EventCountry "ESP"]
[Source "lmi"]
[SourceDate "2013.04.07"]

1. Nf3 Nf6 2. g3 e6 3. Bg2 d5 4. O-O c5 5. b3 Nc6 6. c4 Be7 7. e3 O-O 8. Bb2
Qc7 9. Nc3 Rd8 10. cxd5 exd5 11. d4 cxd4 12. Nb5 Qa5 13. Nbxd4 Bg4 14. Nxc6
bxc6 15. Qc2 Bxf3 16. Bxf3 Rac8 17. Rfd1 Qc7 18. Rac1 h6 19. Bxf6 Bxf6 20. Bxd5
Qb6 21. Bf3 c5 22. Bg4 Rxd1+ 23. Rxd1 Rd8 24. Rxd8+ Bxd8 25. Qe4 Qd6 26. h4 g6
27. h5 Kg7 28. hxg6 fxg6 29. Be6 Qe7 30. Qc6 Bb6 31. Bc4 h5 32. Qd5 Qf8 33. e4
Ba5 34. Qb7+ Kh6 35. Qxa7 Be1 36. Qf7 Qxf7 37. Bxf7 Kg7 38. Bd5 Kf6 39. Kf1 Bc3
40. f4 Ba5 41. Ke2 Bc7 42. Kf3 Bd8 43. e5+ Ke7 44. a4 Ba5 45. g4 h4 46. Kg2 Be1
47. Kh3 Bg3 48. a5 1-0

[Event "20. Torneo San Viator 2013"]
[Site "Madrid ESP"]
[Date "2013.06.09"]
[Round "9.6"]
[White "Padin Lazaro, Jose Manuel"]
[Black "Yaniz Lana, Francisco Javier"]
[Result "1-0"]
[WhiteElo "1809"]
[BlackElo "1653"]
[PlyCount "151"]
[EventDate "2013.04.07"]
[EventType "swiss"]
[EventRounds "9"]
[EventCountry "ESP"]
[Source "lmi"]
[SourceDate "2013.04.07"]

1. e4 c5 2. Nf3 d6 3. d4 Nf6 4. Nc3 cxd4 5. Nxd4 g6 6. Be3 Bg7 7. f3 O-O 8. Qd2
Nc6 9. O-O-O d5 10. exd5 Nxd5 11. Nxc6 bxc6 12. Bd4 Bxd4 13. Qxd4 e6 14. Ne4
Re8 15. c4 e5 16. Qf2 f5 17. cxd5 fxe4 18. fxe4 Bg4 19. Be2 Rf8 20. Qe3 Bxe2
21. Qxe2 cxd5 22. Rxd5 Qc7+ 23. Kb1 Rac8 24. Rhd1 a5 25. Qd2 a4 26. Rd7 Qc5 27.
Qd5+ Qxd5 28. R7xd5 Rf2 29. R5d2 Rf4 30. Re1 Rc4 31. Rde2 Kg7 32. b3 axb3 33.
axb3 Rd4 34. Kc2 Kf6 35. g3 Rf3 36. Re3 Rf2+ 37. R1e2 Rf1 38. Rd2 Rxd2+ 39.
Kxd2 Rf2+ 40. Re2 Rf3 41. Kc2 Ke6 42. Kb2 Kd6 43. Ka3 Rd3 44. Kb4 Kc6 45. Ka4
Rd4+ 46. b4 Kb6 47. Rf2 Rxe4 48. Rf6+ Kc7 49. Kb5 Re2 50. Kc5 Rb2 51. Rf7+ Kd8
52. Kd6 Ke8 53. Re7+ Kd8 54. Rxe5 Rxh2 55. Re3 Rd2+ 56. Kc6 Rc2+ 57. Kb6 Rf2
58. b5 Rf6+ 59. Ka7 Rf7+ 60. Ka6 Rf1 61. b6 Ra1+ 62. Kb7 Rd1 63. Rc3 Rd2 64.
Ra3 Kd7 65. Ka7 Rc2 66. b7 Rc7 67. Kb8 Rxb7+ 68. Kxb7 Ke6 69. Rf3 h5 70. Kc6 g5
71. Rf8 Ke5 72. Kc5 h4 73. gxh4 g4 74. h5 g3 75. h6 g2 76. Rg8 1-0

[Event "20. Torneo San Viator 2013"]
[Site "Madrid ESP"]
[Date "2013.06.09"]
[Round "9.7"]
[White "Gutierrez Mordini, Pablo"]
[Black "Martinez Montalvo, Eduardo"]
[Result "1-0"]
[WhiteElo "1696"]
[BlackElo "1779"]
[PlyCount "81"]
[EventDate "2013.04.07"]
[EventType "swiss"]
[EventRounds "9"]
[EventCountry "ESP"]
[Source "lmi"]
[SourceDate "2013.04.07"]

1. d4 Nf6 2. Nf3 b6 3. c4 Bb7 4. Nc3 e6 5. Bg5 Be7 6. e3 O-O 7. Rc1 d5 8. cxd5
Nxd5 9. Nxd5 Bxd5 10. Bxe7 Qxe7 11. Bc4 Qb4+ 12. Qd2 Qxd2+ 13. Kxd2 Bxc4 14.
Rxc4 Na6 15. Ra4 Nb8 16. Rc1 Rc8 17. Rac4 Na6 18. a3 c5 19. b4 Rd8 20. Ke2 cxb4
21. axb4 f6 22. b5 Nb8 23. Rc8 Nd7 24. Rxd8+ Rxd8 25. Rc7 Nf8 26. Rxa7 Rd5 27.
Nd2 Rxb5 28. Kf3 Rb4 29. Ne4 Ng6 30. g3 Kf8 31. Nd6 Rb1 32. Rf7+ Kg8 33. Rb7
Kf8 34. h4 h5 35. Rb8+ Ke7 36. Nc8+ Kd7 37. Rxb6 Ra1 38. Rb7+ Kxc8 39. Rxg7
Nxh4+ 40. gxh4 Ra5 41. Rf7 1-0

[Event "20. Torneo San Viator 2013"]
[Site "Madrid ESP"]
[Date "2013.06.09"]
[Round "9.8"]
[White "Fernandez Garcia, Javier"]
[Black "Sierra Soria, Maria"]
[Result "1-0"]
[WhiteElo "2028"]
[BlackElo "1864"]
[PlyCount "49"]
[EventDate "2013.04.07"]
[EventType "swiss"]
[EventRounds "9"]
[EventCountry "ESP"]
[Source "lmi"]
[SourceDate "2013.04.07"]

1. d4 d5 2. Nf3 Nf6 3. e3 c6 4. c4 Bf5 5. cxd5 cxd5 6. Nc3 e6 7. Ne5 Be7 8. g4
Be4 9. f3 Bg6 10. h4 h6 11. Nxg6 fxg6 12. Bd3 Qd6 13. Bxg6+ Kd7 14. Qe2 a6 15.
Bd2 Nc6 16. O-O-O Rac8 17. Kb1 Na5 18. e4 Nc4 19. exd5 Nxd5 20. Nxd5 Qxd5 21.
Bc1 Qb5 22. Ka1 Rc6 23. Be4 Rd6 24. Bd3 Rc8 25. b3 1-0

[Event "20. Torneo San Viator 2013"]
[Site "Madrid ESP"]
[Date "2013.06.09"]
[Round "9.11"]
[White "Garcia Sanjuan, Jose"]
[Black "Villanueva Ortega, Ruben"]
[Result "1-0"]
[WhiteElo "1877"]
[BlackElo "1610"]
[PlyCount "73"]
[EventDate "2013.04.07"]
[EventType "swiss"]
[EventRounds "9"]
[EventCountry "ESP"]
[Source "lmi"]
[SourceDate "2013.04.07"]

1. e4 e6 2. b3 d5 3. e5 c5 4. f4 Nc6 5. Nf3 h6 6. Ba3 Bd7 7. Nc3 a6 8. Bb2 Qc7
9. g3 g6 10. Bh3 Nge7 11. a4 Bg7 12. Rb1 O-O-O 13. Ba3 Nb4 14. Bxb4 cxb4 15.
Ne2 Qb6 16. d4 f5 17. Bg2 Nc6 18. O-O Rdg8 19. h4 Bf8 20. Rc1 Be7 21. c4 g5 22.
cxd5 exd5 23. hxg5 hxg5 24. fxg5 Bxg5 25. Nxg5 Rxg5 26. Bxd5 Kb8 27. Qd2 Rg4
28. Bxc6 Bxc6 29. Rxf5 Rh1+ 30. Kf2 Rh2+ 31. Ke1 Re4 32. Rf2 Rxf2 33. Kxf2 Rxe5
34. Qf4 Qc7 35. Qxe5 Qxe5 36. dxe5 Bd5 37. Nd4 1-0

[Event "20. Torneo San Viator 2013"]
[Site "Madrid ESP"]
[Date "2013.06.09"]
[Round "9.12"]
[White "Ore Leon, Gustavo"]
[Black "Gil Calvente, Jose Antonio"]
[Result "0-1"]
[WhiteElo "1856"]
[BlackElo "1597"]
[PlyCount "98"]
[EventDate "2013.04.07"]
[EventType "swiss"]
[EventRounds "9"]
[EventCountry "ESP"]
[Source "lmi"]
[SourceDate "2013.04.07"]

1. e4 e5 2. Nf3 Nc6 3. Bb5 a6 4. Ba4 Nf6 5. O-O Be7 6. Re1 b5 7. Bb3 O-O 8. h3
d5 9. exd5 Nxd5 10. Nxe5 Nxe5 11. Rxe5 c6 12. d4 Bd6 13. Rxd5 cxd5 14. Qf3 Re8
15. Be3 Be6 16. Nc3 Rc8 17. Nxd5 a5 18. Nc3 Bxb3 19. cxb3 b4 20. Na4 Rc2 21.
Qf5 Qc7 22. Qb5 Rxe3 23. fxe3 Bf8 24. Rf1 Qg3 25. Qb7 Qxe3+ 26. Kh1 Qe6 27. Qf3
Bd6 28. d5 Qg6 29. Nb6 h6 30. Nc4 Bb8 31. Rd1 Bd6 32. Rf1 Bf4 33. Qg4 Bc1 34.
Qxg6 fxg6 35. d6 Bg5 36. d7 a4 37. Re1 axb3 38. axb3 Kf7 39. Kg1 Bf6 40. Kf1
Bd4 41. Ne3 Bxe3 42. Rxe3 Rd2 43. Re4 Rxd7 44. Rxb4 Rd2 45. Rf4+ Ke6 46. Rf2
Rd3 47. b4 Rb3 48. Re2+ Kd6 49. Rd2+ Ke6 0-1

[Event "20. Torneo San Viator 2013"]
[Site "Madrid ESP"]
[Date "2013.06.09"]
[Round "9.13"]
[White "Unciti Juan, Javier"]
[Black "San Felipe Gonzalez, Tomas"]
[Result "1-0"]
[WhiteElo "2196"]
[BlackElo "1649"]
[PlyCount "47"]
[EventDate "2013.04.07"]
[EventType "swiss"]
[EventRounds "9"]
[EventCountry "ESP"]
[Source "lmi"]
[SourceDate "2013.04.07"]

1. e4 c5 2. Nf3 e6 3. d4 cxd4 4. Nxd4 Nf6 5. Nc3 a6 6. Be3 Qc7 7. g4 Bb4 8. Bd3
Bxc3+ 9. bxc3 Qxc3+ 10. Kf1 d5 11. e5 Nfd7 12. f4 Nc6 13. Nb3 Qb4 14. Qe2 Qe7
15. g5 Nb4 16. h4 Nxd3 17. cxd3 h5 18. Rc1 g6 19. Kg2 O-O 20. Rc7 Qd8 21. Rhc1
b5 22. Qc2 Rb8 23. Qc6 Ra8 24. Qxa8 1-0

[Event "20. Torneo San Viator 2013"]
[Site "Madrid ESP"]
[Date "2013.06.09"]
[Round "9.15"]
[White "Andres Rodriguez, Florencio"]
[Black "Sarabia Utrilla, Joaquin"]
[Result "0-1"]
[WhiteElo "1575"]
[BlackElo "1778"]
[PlyCount "100"]
[EventDate "2013.04.07"]
[EventType "swiss"]
[EventRounds "9"]
[EventCountry "ESP"]
[Source "lmi"]
[SourceDate "2013.04.07"]

1. d4 d5 2. c4 e6 3. Nc3 c6 4. e3 Bb4 5. a3 Bxc3+ 6. bxc3 Nf6 7. Nf3 Ne4 8. Qc2
Nd7 9. Bd3 Ndf6 10. a4 O-O 11. Ne5 h6 12. Ba3 Re8 13. f3 Nd6 14. O-O Nxc4 15.
Nxc4 dxc4 16. Bxc4 Nd5 17. Rae1 Qa5 18. Bb2 b5 19. axb5 cxb5 20. Bxd5 exd5 21.
Ra1 Qc7 22. Qd2 a5 23. Rfb1 Qe7 24. Bc1 Bd7 25. Qf2 Rec8 26. Bd2 Qe8 27. Re1
Bf5 28. Qg3 Qc6 29. Qe5 Qe6 30. Qxe6 fxe6 31. e4 dxe4 32. fxe4 Bg6 33. Re3 a4
34. e5 a3 35. Rg3 Kh7 36. h4 a2 37. Re3 Bb1 38. g4 Ra3 39. g5 h5 40. Kf2 b4 41.
cxb4 Rxe3 42. Kxe3 Kg6 43. Be1 Kf5 44. b5 Rb8 45. Bb4 Rxb5 46. Bf8 g6 47. Bc5
Rb2 48. d5 exd5 49. Bd4 Rb3+ 50. Kd2 Ke4 0-1

[Event "20. Torneo San Viator 2013"]
[Site "Madrid ESP"]
[Date "2013.06.09"]
[Round "9.16"]
[White "Brasa Olmos, Joaquin"]
[Black "Gomez Dorado, Ernesto"]
[Result "0-1"]
[WhiteElo "1542"]
[BlackElo "1769"]
[PlyCount "70"]
[EventDate "2013.04.07"]
[EventType "swiss"]
[EventRounds "9"]
[EventCountry "ESP"]
[Source "lmi"]
[SourceDate "2013.04.07"]

1. d4 Nf6 2. c4 c5 3. e3 cxd4 4. exd4 d5 5. Nc3 g6 6. Nf3 Bg7 7. Qc2 O-O 8. b3
Nc6 9. Ba3 dxc4 10. Bxc4 Nxd4 11. Nxd4 Qxd4 12. O-O Bf5 13. Nb5 Qxa1 14. Bxf7+
Rxf7 15. Qe2 Bd3 16. Qxd3 Qe5 17. Nd4 Ng4 18. Nf3 Rxf3 19. Qc4+ Rf7 20. Qxg4
Qf5 21. Qc4 Rc8 22. Qe2 Rc2 23. Qe3 b6 24. Bxe7 Qd7 25. Bh4 Bd4 26. Qe4 Rxa2
27. h3 Ra1 28. Qa8+ Rf8 29. Qe4 Rxf1+ 30. Kxf1 Bc5 31. g4 Qd1+ 32. Kg2 Qxb3 33.
f4 Qb2+ 34. Kf1 Qc1+ 35. Kg2 Qg1+ 0-1